[Event "POL-chT3 Kujawsko-Pomorskie 2223"]
[Site "Poland"]
[Date "2023.??.??"]
[Round "4.4"]
[White "Budrewicz, Jan"]
[Black "Budnik, Mateusz"]
[Result "0-1"]
[WhiteElo "1761"]
[BlackElo "2029"]
[PlyCount "71"]
[EventDate "2022.11.13"]
[EventType "team-swiss"]
[EventRounds "7"]
[EventCountry "POL"]
[SourceTitle "EXT 2024"]
[Source "ChessBase"]
[SourceDate "2023.10.10"]
[SourceVersion "1"]
[SourceVersionDate "2023.10.10"]
[SourceQuality "1"]

1. e4 c5 2. Nc3 a6 3. Nf3 b5 4. d4 cxd4 5. Nxd4 e6 6. a4 b4 7. Nce2 Bb7 8. Ng3 Qc7 9. Bd3 Nf6 10. 0-0 Bc5 11. Nb3 Be7 12. Be3 d5 13. f3 Nbd7 14. exd5 Nxd5 15. Bf2 N7f6 16. Re1 0-0 17. Qd2 Rfd8 18. a5 Rd7 19. Red1 Rc8 20. Rac1 Bd6 21. Ne2 Bxh2+ 22. Kh1 Bd6 23. g3 Qb8 24. Kg2 Qa8 25. Rf1 h6 26. Ned4 Rdd8 27. Qe2 Ng4 28. Kg1 Nxf2 29. Qxf2 Qb8 30. Ne2 Nf6 31. Kg2 Qa8 32. Rh1 Ng4 33. Qe1 Bxf3+ 34. Kh3 Bxh1 35. Qxh1 Qxh1+ 36. Rxh1 0-1

[Event "POL-chT4 Kujawsko-Pomorskie 1617"]
[Site "Poland"]
[Date "2017.02.12"]
[Round "8.17"]
[White "Rant, Izabela"]
[Black "Budrewicz, Jan"]
[Result "1-0"]
[WhiteElo "1829"]
[BlackElo "1845"]
[PlyCount "63"]
[EventDate "2016.11.06"]
[EventType "team-tourn"]
[EventRounds "11"]
[EventCountry "POL"]
[SourceTitle "EXT 2019"]
[Source "ChessBase"]
[SourceDate "2018.10.10"]
[SourceVersion "1"]
[SourceVersionDate "2018.10.10"]
[SourceQuality "1"]

1. d4 Nf6 2. c4 e6 3. Nc3 Bb4 4. Nf3 b6 5. e3 Bb7 6. Be2 0-0 7. 0-0 Re8 8. Qc2 Bxc3 9. bxc3 d6 10. Rd1 Nbd7 11. Rb1 Be4 12. Bd3 Bxf3 13. gxf3 c5 14. e4 e5 15. Be3 Nf8 16. Bf1 Qc8 17. dxc5 dxc5 18. Rd6 Nh5 19. Qd2 Ng6 20. Rd1 Nhf4 21. Bxf4 Nxf4 22. Rd7 h6 23. Qd6 Qb8 24. Qd2 f6 25. h4 Rf8 26. Kh2 Qe8 27. Bh3 Qh5 28. Rg1 g5 29. Rg4 Qe8 30. Rxf4 exf4 31. Qd5+ Rf7 32. Rxf7 1-0

[Event "POL-chT4 Kujawsko-Pomorskie 1617"]
[Site "Poland"]
[Date "2016.12.11"]
[Round "4.27"]
[White "Budrewicz, Jan"]
[Black "Szulgacz, Andrzej"]
[Result "1-0"]
[WhiteElo "1845"]
[BlackElo "1230"]
[PlyCount "113"]
[EventDate "2016.11.06"]
[EventType "team-tourn"]
[EventRounds "11"]
[EventCountry "POL"]
[SourceTitle "EXT 2019"]
[Source "ChessBase"]
[SourceDate "2018.10.10"]
[SourceVersion "1"]
[SourceVersionDate "2018.10.10"]
[SourceQuality "1"]

1. e4 e5 2. Nf3 Nc6 3. Bb5 d6 4. c3 Bd7 5. 0-0 Nf6 6. Re1 g6 7. d4 exd4 8. cxd4 Bg7 9. e5 dxe5 10. Bxc6 bxc6 11. Rxe5+ Be6 12. Ng5 Qd7 13. Nxe6 fxe6 14. Qe2 0-0 15. Nc3 Rae8 16. Be3 Nd5 17. Re4 Nxe3 18. fxe3 Rf5 19. Qc4 Kh8 20. Rf1 Ref8 21. Rxf5 exf5 22. Qe6 Qxe6 23. Rxe6 Bh6 24. Kf2 Rb8 25. b3 Rb6 26. Na4 Rb8 27. Kf3 Kg8 28. Rxc6 Re8 29. Rc3 Re7 30. h3 g5 31. g4 f4 32. e4 Bg7 33. Rc4 Rd7 34. d5 Kf7 35. Rc6 Bd4 36. Rc4 Be3 37. Nb2 Ke8 38. Nd3 Kd8 39. Ne5 Rg7 40. Rc6 Re7 41. Nd3 Rg7 42. Rc4 h6 43. e5 Rd7 44. Ke4 Bb6 45. Ne1 Rh7 46. Nf3 Ke8 47. Rc6 Kd7 48. b4 Kd8 49. a4 a5 50. b5 Kd7 51. e6+ Ke7 52. Kf5 Rg7 53. d6+ Kd8 54. Ne5 Ke8 55. d7+ Kd8 56. Rxb6 cxb6 57. Nc6+ 1-0

[Event "POL-chT4 Kujawsko-Pomorskie 1617"]
[Site "Poland"]
[Date "2016.11.27"]
[Round "3.6"]
[White "Budrewicz, Jan"]
[Black "Kobus, Maciej"]
[Result "1/2-1/2"]
[WhiteElo "1845"]
[BlackElo "1910"]
[PlyCount "63"]
[EventDate "2016.11.06"]
[EventType "team-tourn"]
[EventRounds "11"]
[EventCountry "POL"]
[SourceTitle "EXT 2019"]
[Source "ChessBase"]
[SourceDate "2018.10.10"]
[SourceVersion "1"]
[SourceVersionDate "2018.10.10"]
[SourceQuality "1"]

1. Nf3 Nf6 2. c4 e6 3. Nc3 d5 4. d4 Be7 5. e3 0-0 6. Bd3 b6 7. 0-0 Bb7 8. Qe2 c5 9. Rd1 Nc6 10. h3 cxd4 11. exd4 Nb4 12. Bb1 dxc4 13. Ne5 Rc8 14. Be3 Nbd5 15. Bd2 Nxc3 16. bxc3 b5 17. a4 b4 18. cxb4 c3 19. Bg5 Bxb4 20. Bc2 a5 21. f3 Be7 22. Qd3 g6 23. Ng4 Nxg4 24. Bxe7 Qxe7 25. hxg4 Rfd8 26. Qe3 Rc7 27. Rd3 Rdc8 28. Re1 Bd5 29. Rdd1 Rb7 30. Ra1 Rb2 31. Rec1 Qc7 32. Ra3 1/2-1/2

[Event "POL-chT4 Kujawsko-Pomorskie 1617"]
[Site "Poland"]
[Date "2016.11.20"]
[Round "2.22"]
[White "Budrewicz, Jan"]
[Black "Paliwoda, Borys"]
[Result "1/2-1/2"]
[WhiteElo "1845"]
[BlackElo "1717"]
[PlyCount "38"]
[EventDate "2016.11.06"]
[EventType "team-tourn"]
[EventRounds "11"]
[EventCountry "POL"]
[SourceTitle "EXT 2019"]
[Source "ChessBase"]
[SourceDate "2018.10.10"]
[SourceVersion "1"]
[SourceVersionDate "2018.10.10"]
[SourceQuality "1"]

1. d4 d5 2. c4 e6 3. Nc3 Be7 4. Bf4 Nf6 5. e3 0-0 6. Nf3 b6 7. cxd5 Nxd5 8. Nxd5 exd5 9. a3 c5 10. Bd3 Nc6 11. h3 Bf6 12. 0-0 h6 13. Rc1 c4 14. Bb1 Be6 15. Qc2 Re8 16. Rcd1 b5 17. Qh7+ Kf8 18. Rfe1 Ke7 19. Qc2 b4 1/2-1/2

[Event "POL-chT3 Kujawsko Pomorskie 1314"]
[Site "Poland"]
[Date "2014.??.??"]
[Round "8.14"]
[White "Budrewicz, Jan"]
[Black "Walczak, Mikolaj"]
[Result "1-0"]
[WhiteElo "1921"]
[BlackElo "1441"]
[PlyCount "47"]
[EventDate "2013.11.03"]
[EventType "team-tourn"]
[EventRounds "11"]
[EventCountry "POL"]
[SourceTitle "EXT 2015"]
[Source "ChessBase"]
[SourceDate "2014.11.20"]
[SourceVersion "1"]
[SourceVersionDate "2014.11.20"]
[SourceQuality "1"]
[WhiteTeam "Inowroclaw OSiR Pozkal"]
[BlackTeam "Swiecie Gambit"]
[WhiteTeamCountry "POL"]
[BlackTeamCountry "POL"]

1. e4 c5 2. Nf3 e6 3. d3 Nc6 4. g3 d6 5. Bg2 Nf6 6. 0-0 Be7 7. Re1 Qc7 8. c3 h5 9. d4 d5 10. exd5 Nxd5 11. dxc5 h4 12. b4 hxg3 13. hxg3 Bf6 14. Qxd5 Nxb4 15. Qb3 Nd3 16. Qb5+ Qd7 17. Qxd7+ Bxd7 18. Rd1 Nxc5 19. Bg5 Bxg5 20. Nxg5 Rh5 21. Ne4 0-0-0 22. g4 Re5 23. Nd6+ Kc7 24. Nxf7 1-0

[Event "POL-chT3 Kujawsko Pomorskie 1213"]
[Site "Poland"]
[Date "2012.12.02"]
[Round "3.17"]
[White "Budrewicz, Jan"]
[Black "Budnik, Mateusz"]
[Result "0-1"]
[WhiteElo "1954"]
[BlackElo "1698"]
[PlyCount "140"]
[EventDate "2012.11.04"]
[EventType "team-tourn"]
[EventRounds "11"]
[EventCountry "POL"]
[SourceTitle "EXT 2015"]
[Source "ChessBase"]
[SourceDate "2014.11.20"]
[SourceVersion "1"]
[SourceVersionDate "2014.11.20"]
[SourceQuality "1"]
[WhiteTeam "Inowroclaw OSiR Pozkal"]
[BlackTeam "Bydgoszcz Emdek"]
[WhiteTeamCountry "POL"]
[BlackTeamCountry "POL"]

1. d4 Nf6 2. c4 c5 3. d5 b5 4. b3 bxc4 5. bxc4 d6 6. Nc3 g6 7. e4 Bg7 8. Rb1 0-0 9. Bd3 Nbd7 10. Qc2 Ne5 11. Nge2 Ba6 12. Nb5 Bxb5 13. Rxb5 a6 14. Rb3 Qc7 15. 0-0 Rfb8 16. Bd2 Nfd7 17. Rfb1 Rxb3 18. Rxb3 Rb8 19. Nc1 h5 20. Be2 Rxb3 21. axb3 Nf6 22. f3 Qb7 23. h3 Ned7 24. Qa2 Nb6 25. Bd3 Nfd7 26. Kf1 Kh7 27. Ne2 Bh6 28. f4 Bg7 29. g3 Qc8 30. Kg2 Nb8 31. Ng1 e6 32. Nf3 exd5 33. exd5 Bh6 34. Qc2 Qe8 35. g4 hxg4 36. hxg4 N6d7 37. Kg3 Nf8 38. Qd1 Kg8 39. Qa1 Bg7 40. Qa5 Nfd7 41. Qc7 Qe7 42. Ng5 Bf8 43. Kf3 Bh6 44. Ne4 Ne5+ 45. fxe5 Qxc7 46. exd6 Qd8 47. Bxh6 Qh4 48. Bg5 Qh1+ 49. Ke2 Nd7 50. Bf4 Qa1 51. Kd2 Qb2+ 52. Bc2 Qd4+ 53. Ke2 f5 54. gxf5 gxf5 55. Be3 Qb2 56. Nxc5 Qxc2+ 57. Ke1 Nxc5 58. Bxc5 Qb1+ 59. Kd2 Qb2+ 60. Ke1 Qc3+ 61. Kf2 Qc2+ 62. Ke1 Qe4+ 63. Kd2 Qe8 64. Bd4 f4 65. c5 f3 66. c6 Qe2+ 67. Kc3 Qe1+ 68. Kc4 f2 69. Bxf2 Qxf2 70. c7 Kf7 0-1

[Event "POL-chT3 1112"]
[Site "Poland"]
[Date "2012.04.22"]
[Round "11.27"]
[White "Grzenkowicz, Przemyslaw"]
[Black "Budrewicz, Jan"]
[Result "1-0"]
[WhiteElo "1862"]
[BlackElo "1974"]
[PlyCount "67"]
[EventDate "2011.11.06"]
[EventType "team-tourn"]
[EventRounds "11"]
[EventCountry "POL"]
[SourceTitle "EXT 2015"]
[Source "ChessBase"]
[SourceDate "2014.11.20"]
[SourceVersion "1"]
[SourceVersionDate "2014.11.20"]
[SourceQuality "1"]
[WhiteTeam "Bydgoszcz Wiartrak"]
[BlackTeam "Inowroclaw OSIR Pozkal"]
[WhiteTeamCountry "POL"]
[BlackTeamCountry "POL"]

1. d4 Nf6 2. Nf3 g6 3. Nc3 Bg7 4. e4 d6 5. Be3 c6 6. h3 b5 7. Bd3 Qc7 8. Qd2 h6 9. e5 Ng8 10. Bf4 Qd8 11. exd6 exd6 12. Ne4 d5 13. Nd6+ Kf8 14. 0-0 Be6 15. Rfe1 Ne7 16. a4 Nd7 17. axb5 c5 18. c3 c4 19. Bc2 Kg8 20. Ra6 Nb6 21. Rea1 Nec8 22. Nxc8 Nxc8 23. Bxg6 Bd7 24. Bh5 Bxb5 25. R6a5 Qb6 26. Bc7 Qxc7 27. Rxb5 Ne7 28. Re1 Bf6 29. Ne5 Bxe5 30. Rxe5 Kg7 31. Qf4 f5 32. Rc5 Qd6 33. Rxe7+ Qxe7 34. Rc7 1-0

[Event "POL-chT3 1112"]
[Site "Poland"]
[Date "2012.02.12"]
[Round "6.28"]
[White "Sniadecki, Jerzy"]
[Black "Budrewicz, Jan"]
[Result "0-1"]
[WhiteElo "1743"]
[BlackElo "1974"]
[PlyCount "72"]
[EventDate "2011.11.06"]
[EventType "team-tourn"]
[EventRounds "11"]
[EventCountry "POL"]
[SourceTitle "EXT 2015"]
[Source "ChessBase"]
[SourceDate "2014.11.20"]
[SourceVersion "1"]
[SourceVersionDate "2014.11.20"]
[SourceQuality "1"]
[WhiteTeam "Znin Baszta II"]
[BlackTeam "Inowroclaw OSIR Pozkal"]
[WhiteTeamCountry "POL"]
[BlackTeamCountry "POL"]

1. e4 d6 2. d4 Nf6 3. Nc3 g6 4. h3 Bg7 5. Nf3 0-0 6. Be3 Re8 7. Bc4 Nbd7 8. 0-0 Nb6 9. Bb3 c6 10. a4 a5 11. Qd2 d5 12. e5 Ne4 13. Nxe4 dxe4 14. Ng5 Rf8 15. Nxe4 Nd5 16. Bh6 Bf5 17. Bxg7 Kxg7 18. Ng3 e6 19. Rad1 Qh4 20. Nxf5+ gxf5 21. Bxd5 cxd5 22. f4 Rfc8 23. Kh2 b6 24. Rf3 h6 25. Rg1 Kh8 26. g3 Qe7 27. Rc3 Qb4 28. Ra1 Qxb2 29. Raa3 Qb4 30. Rab3 Qxa4 31. Rxb6 Rc4 32. Rxc4 Qxc4 33. Rb1 Rc8 34. Rc1 a4 35. c3 a3 36. Kg2 Rb8 0-1

[Event "POL-chT3 Kujawsko Pomorskie 1011"]
[Site "Poland"]
[Date "2011.03.27"]
[Round "9.20"]
[White "Krainski, Slawomir"]
[Black "Budrewicz, Jan"]
[Result "0-1"]
[WhiteElo "2072"]
[BlackElo "1978"]
[PlyCount "82"]
[EventDate "2010.11.07"]
[EventType "team-tourn"]
[EventRounds "11"]
[EventCountry "POL"]
[SourceTitle "EXT 2019"]
[Source "ChessBase"]
[SourceDate "2018.10.10"]
[SourceVersion "1"]
[SourceVersionDate "2018.10.10"]
[SourceQuality "1"]

1. e4 d6 2. d4 Nf6 3. Nc3 g6 4. h3 Bg7 5. Nf3 0-0 6. Be3 a6 7. a4 b6 8. e5 Nfd7 9. e6 fxe6 10. Bd3 Nf6 11. h4 Nc6 12. h5 Nxh5 13. Rxh5 gxh5 14. Ng5 Qe8 15. Bxh7+ Kh8 16. Be4 d5 17. Bf3 Rxf3 18. Qxf3 Qg6 19. 0-0-0 Nb4 20. Qe2 Bd7 21. Rh1 Kg8 22. Rxh5 Nxc2 23. g4 Nxd4 24. Bxd4 Bxd4 25. Nf3 Bg7 26. Ne5 Bxe5 27. Qxe5 Qf6 28. Qh2 Be8 29. Rh6 Bg6 30. f4 Kg7 31. Ne2 Rf8 32. Rh3 c5 33. Rb3 Be8 34. Rxb6 Bxa4 35. f5 Qg5+ 36. Qf4 Qh4 37. Kd2 exf5 38. Qxa4 fxg4 39. Qd7 Rf1 40. Qe6 Qe1+ 41. Kc2 Qd1+ 0-1

[Event "POL-chT3 Kujawsko Pomorskie 1011"]
[Site "Poland"]
[Date "2011.02.13"]
[Round "6.8"]
[White "Budrewicz, Jan"]
[Black "Myzyk, Jan"]
[Result "0-1"]
[WhiteElo "1978"]
[BlackElo "2116"]
[PlyCount "160"]
[EventDate "2010.11.07"]
[EventType "team-tourn"]
[EventRounds "11"]
[EventCountry "POL"]
[SourceTitle "EXT 2019"]
[Source "ChessBase"]
[SourceDate "2018.10.10"]
[SourceVersion "1"]
[SourceVersionDate "2018.10.10"]
[SourceQuality "1"]

1. d4 Nf6 2. c4 g6 3. Nc3 Bg7 4. e4 d6 5. Bd3 0-0 6. Nge2 Nc6 7. f3 e5 8. d5 Ne7 9. Be3 Nd7 10. g4 f5 11. gxf5 gxf5 12. Qd2 f4 13. Bf2 a6 14. 0-0-0 Nf6 15. Kb1 Qe8 16. Nc1 Qh5 17. Be2 Bh3 18. Rdg1 Kh8 19. Nd3 Ng6 20. Qd1 Ng8 21. c5 Bf6 22. Bf1 Bxf1 23. Rxf1 Qh3 24. Be1 Be7 25. cxd6 Bxd6 26. Nf2 Qd7 27. h4 Nf6 28. h5 Ne7 29. Nd3 Rg8 30. Bh4 Raf8 31. Ne2 Qe8 32. Ndxf4 exf4 33. Qd4 Nexd5 34. exd5 Be5 35. Qd3 Qb5 36. Qxb5 axb5 37. Bxf6+ Rxf6 38. Rhg1 Rd6 39. Rxg8+ Kxg8 40. Rg1+ Kf7 41. Rg4 Rxd5 42. Kc2 Ke6 43. h6 Kf7 44. Ng1 Rd6 45. Rh4 Rg6 46. Ne2 Rg2 47. Kd3 c5 48. b3 c4+ 49. bxc4 bxc4+ 50. Kd2 Rf2 51. Rh3 Rf1 52. Nc3 Ke6 53. Ne4 Kd5 54. Nc3+ Kc6 55. Nd1 b5 56. Ke2 Rg1 57. Rh5 Kd6 58. Nf2 Ra1 59. Ng4 Rxa2+ 60. Kd1 Ra1+ 61. Kc2 Bd4 62. Rxb5 Rf1 63. Rb7 Rxf3 64. Rf7 Ke6 65. Rxh7 Rg3 66. Rc7 Rg2+ 67. Kd1 Rxg4 68. Rxc4 Kd5 69. Rc7 Rh4 70. h7 Rh2 71. Ke1 Be3 72. Re7 Kd6 73. Re8 Rxh7 74. Ke2 Rh2+ 75. Kf1 Ra2 76. Re4 Kd5 77. Re8 Kd4 78. Re7 Kd3 79. Re8 f3 80. Rd8+ Bd4 0-1

[Event "POL-chT3 Kujawsko Pomorskie 1011"]
[Site "Poland"]
[Date "2011.01.23"]
[Round "5.33"]
[White "Budrewicz, Jan"]
[Black "Theuss, Tomasz"]
[Result "1-0"]
[WhiteElo "1978"]
[BlackElo "1812"]
[PlyCount "141"]
[EventDate "2010.11.07"]
[EventType "team-tourn"]
[EventRounds "11"]
[EventCountry "POL"]
[SourceTitle "EXT 2019"]
[Source "ChessBase"]
[SourceDate "2018.10.10"]
[SourceVersion "1"]
[SourceVersionDate "2018.10.10"]
[SourceQuality "1"]

1. d4 Nf6 2. c4 e5 3. d5 Bc5 4. e3 0-0 5. Nc3 d6 6. Bd3 a5 7. Nge2 Bg4 8. f3 Bh5 9. Qc2 Nbd7 10. a3 Bg6 11. Ng3 Bb6 12. b3 Qe8 13. Bd2 Nc5 14. Bf5 Bxf5 15. Nxf5 e4 16. 0-0 Qe5 17. Nd4 Rae8 18. f4 Qh5 19. h3 Qg6 20. Nce2 Nd3 21. Kh2 Nh5 22. g3 Bxd4 23. exd4 b6 24. Be3 f5 25. Qd2 Ra8 26. b4 Nf6 27. Rg1 h5 28. Qc3 Qf7 29. b5 Kh7 30. Raf1 Rfe8 31. Qd2 g6 32. Nc3 Rh8 33. Rg2 Rag8 34. Rh1 Qe7 35. Kg1 Kg7 36. Kf1 Kf7 37. Ke2 Re8 38. Kd1 Ra8 39. Kc2 Ke8 40. Rhg1 Kd7 41. Nd1 Kc8 42. Qe2 Kb7 43. Bd2 Qd7 44. Ne3 Rae8 45. Bc3 Rh7 46. Rb1 Rg8 47. Rf1 Rhh8 48. Qd2 Ra8 49. a4 Rh7 50. Kb3 Re7 51. Qa2 Rh7 52. Ka3 Rhh8 53. Qb3 Rh7 54. Ka2 Rhh8 55. Kb1 Rh7 56. Bb2 Rhh8 57. Ba3 Rh7 58. Kc2 Rhh8 59. Kd2 Rh7 60. Nc2 Rhh8 61. Ne3 Rh7 62. Kd1 Re8 63. h4 Rhh8 64. Rc2 Rc8 65. c5 Kb8 66. cxd6 cxd6 67. Rc6 Rxc6 68. bxc6 Qc7 69. Ke2 Ka7 70. Rb1 Rb8 71. Qb5 1-0

[Event "POL-chT3 Kujawsko Pomorskie 1011"]
[Site "Poland"]
[Date "2011.01.09"]
[Round "4.3"]
[White "Budrewicz, Jan"]
[Black "Starzynski, Waldemar"]
[Result "1-0"]
[WhiteElo "1978"]
[BlackElo "1843"]
[PlyCount "75"]
[EventDate "2010.11.07"]
[EventType "team-tourn"]
[EventRounds "11"]
[EventCountry "POL"]
[SourceTitle "EXT 2019"]
[Source "ChessBase"]
[SourceDate "2018.10.10"]
[SourceVersion "1"]
[SourceVersionDate "2018.10.10"]
[SourceQuality "1"]

1. e4 e6 2. d4 d5 3. Nd2 dxe4 4. Nxe4 Be7 5. Nf3 Nf6 6. Bd3 Nbd7 7. 0-0 0-0 8. Re1 b6 9. c3 Bb7 10. Qe2 c5 11. Bg5 h6 12. Bf4 Nxe4 13. Bxe4 Bxe4 14. Qxe4 Nf6 15. Qe2 Nd5 16. Bd2 Qc7 17. c4 Nf4 18. Qe4 Bd6 19. dxc5 bxc5 20. g3 Ng6 21. Bc3 Rae8 22. Qg4 e5 23. Rad1 Re6 24. Nh4 Nxh4 25. Qxh4 Rfe8 26. Qe4 g6 27. f3 Bf8 28. Rd5 Bd6 29. Red1 Qe7 30. g4 Qf6 31. Be1 Bf8 32. Bg3 Bd6 33. Kg2 Kg7 34. h4 Qe7 35. Bf2 Rc8 36. Bg3 Rc7 37. Rxd6 Rxd6 38. Rxd6 1-0

[Event "POL-chT Region 0607"]
[Site "Poland"]
[Date "2007.02.18"]
[Round "8"]
[White "Kirsz, Krzysztof"]
[Black "Budrewicz, Jan"]
[Result "0-1"]
[WhiteElo "1683"]
[BlackElo "1987"]
[PlyCount "148"]
[EventDate "2006.11.12"]
[EventType "team"]
[EventRounds "11"]
[EventCountry "POL"]
[SourceTitle "EXT 2008"]
[Source "ChessBase"]
[SourceDate "2007.11.25"]
[SourceVersion "1"]
[SourceVersionDate "2007.11.25"]
[SourceQuality "1"]

1. e4 c5 2. Nc3 e6 3. f4 a6 4. Nf3 b5 5. a3 Bb7 6. d4 cxd4 7. Nxd4 d6 8. Bd3 Nd7 9. 0-0 Qc7 10. Be3 Ngf6 11. Qe1 g6 12. Bd2 Bg7 13. Kh1 0-0 14. h3 Rac8 15. Qh4 Nc5 16. f5 exf5 17. exf5 Nxd3 18. cxd3 gxf5 19. Bh6 Ne8 20. Rfe1 f6 21. Ne6 Qc6 22. Qg3 Rf7 23. Rg1 Qd7 24. Rae1 Kh8 25. Qh4 a5 26. Re2 b4 27. axb4 axb4 28. Bxg7+ Nxg7 29. Nxg7 Rxg7 30. Qxb4 f4 31. Kh2 f3 32. Rf2 fxg2 33. Ne4 f5 34. Ng3 Rf8 35. Qd4 Kg8 36. Qf4 Rgf7 37. b4 Qe6 38. d4 Qg6 39. Rd2 Bd5 40. b5 h6 41. b6 Qg5 42. Rf2 Kh7 43. Rc1 Qxf4 44. Rxf4 Kg6 45. Rc7 Kg5 46. Rxf7 Rxf7 47. Ne2 Rb7 48. h4+ Kg6 49. Ng3 Rxb6 50. Rxf5 Rb1 51. h5+ Kg7 52. Ne2 Be4 53. Rf4 d5 54. Ng1 Rd1 55. Rf2 Rxd4 56. Ne2 Rd1 57. Ng1 Rf1 58. Rd2 Rf5 59. Kg3 Rxh5 60. Ra2 Rf5 61. Ra7+ Kg6 62. Ra6+ Rf6 63. Ra5 Kf5 64. Ra2 Ke5 65. Ra5 Rf1 66. Kh2 h5 67. Ra8 Kf5 68. Rf8+ Kg6 69. Rg8+ Kh7 70. Rd8 Rb1 71. Rd6 Kg7 72. Ne2 Rh1+ 73. Kg3 g1Q+ 74. Nxg1 Rxg1+ 0-1

[Event "POL-chT Region 0607"]
[Site "Poland"]
[Date "2007.01.14"]
[Round "5"]
[White "Marchlewicz, Damian"]
[Black "Budrewicz, Jan"]
[Result "1/2-1/2"]
[WhiteElo "1783"]
[BlackElo "1987"]
[PlyCount "90"]
[EventDate "2006.11.12"]
[EventType "team"]
[EventRounds "11"]
[EventCountry "POL"]
[SourceTitle "EXT 2008"]
[Source "ChessBase"]
[SourceDate "2007.11.25"]
[SourceVersion "1"]
[SourceVersionDate "2007.11.25"]
[SourceQuality "1"]

1. d4 Nf6 2. c4 e6 3. Nc3 Bb4 4. Bd2 0-0 5. a3 Bxc3 6. Bxc3 d5 7. e3 Re8 8. Nf3 Nbd7 9. Bd3 c6 10. 0-0 Nb6 11. c5 Nbd7 12. Qc2 Nf8 13. Ne5 Bd7 14. h3 Rb8 15. f4 Qe7 16. Be1 Ng6 17. Bg3 Ra8 18. Bf2 Rec8 19. g4 Be8 20. Bg3 Nd7 21. b4 Ndf8 22. Rae1 f6 23. Nf3 Qf7 24. Rf2 Ne7 25. Rh2 Bd7 26. Rf1 Qe8 27. Re1 Qd8 28. Rb1 Be8 29. Nh4 Bg6 30. Nxg6 hxg6 31. h4 f5 32. g5 Kf7 33. Qc3 Nd7 34. Be2 Qc7 35. Bf3 Rh8 36. Rhb2 b5 37. Ra1 a5 38. Rba2 Rae8 39. Re1 Rh7 40. Kf2 Reh8 41. Rg1 Nf8 42. Qe1 Ke8 43. Qd2 Nc8 44. Rb1 Qb7 45. Qb2 Ne7 1/2-1/2